Générique Cascadogs - Paroles - Statistiques

Statistiques générales
  • Ce quiz a été pris 2 fois
  • Le résultat moyen est 5 sur 14
Statistiques - réponses
Paroles % Correct
On les appelle les {Cascadogs}
100%
On les appelle les {Cascadogs}
100%
Et on risque {tout}
50%
Ne sont que des {minus}
50%
On est un peu {fou}
50%
Quand on est un {casse}-{cou}
50%
Qui ne connaissent pas la {peur}
50%
Toute la {bande} à Fungus
50%
Ce sont des {surhommes}
0%
Ce sont les {vainqueurs}
0%
Et les {autres}
0%
On peut dire qu'ils ont tous la {classe}
0%
Réunis derrière {Stardom}
0%
Ziggy, Chiche, Bingo et puis {Sensas}
0%
Aucun quiz correspondant
Distribution des résultats
% des personnes avec chaque résultat
Percentile par nombre de réponses
Votre historique - résultats
Vous n’avez pas pris ce quiz